Research Papers (Record no. 1582)

MARC details
005 - DATE AND TIME OF LATEST TRANSACTION
control field 20250419081329.0
020 ## - INTERNATIONAL STANDARD BOOK NUMBER
International Standard Book Number 0-02-325410-6
082 ## - DEWEY DECIMAL CLASSIFICATION NUMBER
Classification number 808. 021 COY
100 ## - MAIN ENTRY--PERSONAL NAME
Author name COYLE, W.
245 ## - TITLE STATEMENT
Title Research Papers
250 ## - EDITION STATEMENT
Edition statement 7th Ed.
260 ## - PUBLICATION, DISTRIBUTION, ETC.
Place of publication, distribution, etc. New York,
Name of publisher, distributor, etc. Macmillan,
Date of publication, distribution, etc. 1985.
300 ## - PHYSICAL DESCRIPTION
Extent xi, 239p., ill., table,
Other physical details References, index,
Dimensions 28cm.
942 ## - ADDED ENTRY ELEMENTS (KOHA)
Source of classification or shelving scheme Dewey Decimal Classification
Koha item type Books
Holdings
Date last seen Total checkouts Full call number Barcode Cost, replacement price Price effective from Koha item type Lost status Source of classification or shelving scheme Damaged status Not for loan Withdrawn status Home library Current library Shelving location Date acquired Cost, normal purchase price
04/19/2025   808. 021 COY 0000006084 45000.00 04/19/2025 Books   Dewey Decimal Classification       College of Business Education Main Library College of Business Education Main Library General Collection 04/19/2025 15000.00
04/19/2025   808. 021 COY 0000006085 45000.00 04/19/2025 Books   Dewey Decimal Classification       College of Business Education Main Library College of Business Education Main Library General Collection 04/19/2025 15000.00